000 04150nam0a2200409 4500
001 RU\NLR\BIBL_A\012862106
005 20221007114244.0
010 _a978-5-7924-1750-2
_9500
021 _aRU
_bКН-П-22-035599
_9КН-П-22-3049
035 _a(NLR Aleph) 012862106
035 _a(RuMoRGB)011098056
090 _a12462293
_c12462293
100 _a20220808d2021 u y0rusy50 ca
101 0 _arus
102 _aRU
105 _ay j 000zy
181 0 _ai4
_baxxe
182 0 _an
200 1 _aРекомендации по соблюдению этики и правил поведения лицами, входящими в состав комиссий по делам несовершеннолетних и защите их прав, при проведении заседаний
_eдля председателей, заместителей председетелей, ответственных секретарей, членов комиссий по делам несовершеннолетних и защите их прав, созданных на территории Российской Федерации, а также специалистов, обеспечивающих их деятельность
_fк. ю. н., доцент Е. В. Ильгова, к. ю. н., доцент С. Н. Зайкова, к. ю. н., доцент Н. В. Спесивов [и др.]
_gМинистерство науки и высшего образования Российской Федерации, Федеральное государственное бюджетное образовательное учреждение высшего образования "Саратовская государственная юридическая академия"
203 _aТекст
_bвизуальный
_cнепосредственный
205 _a2-е изд., испр. и доп.
210 _aСаратов
_cИзд-во Саратовской государственной юридической академии
_d2021
215 _a12, [6] с.
_d21
330 _aДанное пособие, представляющее собой практические рекомендации по соблюдению этики и правил поведения лицами, входящими в состав комиссий по делам несовершеннолетних и защите их прав, при проведении заседаний, написано коллективом Центра методического обеспечения деятельности комиссий по делам несовершеннолетних и защите их прав, созданного при Саратовской государственной юридической академии. Предназначено для председателей, заместителей председателей, ответственных секретарей, членов комиссий по делам несовершеннолетних и защите их прав, созданных на территории Российской Федерации, а также специалистов, обеспечивающих их деятельность
606 1 _aКомиссии по делам несовершеннолетних
_yРоссийская Федерация
_92550782
_3RU\NLR\AUTH\661509408
606 1 _aПрофессиональная этика
_9998976
_3RU\NLR\AUTH\6660768
686 1 _aХ628.408.2
686 1 _aХ621.022
701 1 _aИльгова
_bЕ. В.
_gЕкатерина Владимировна
701 1 _aЗайкова
_bС. Н.
_gСветлана Николаевна
701 1 _aСпесивов
_bН. В.
_gНикита Владимирович
712 0 2 _4475
_aСаратовская государственная юридическая академия
_9292022
_3RU\NLR\AUTH\8810201934
942 _cBOOK
980 _aNB